| 000 | 00494nam a2200205 4500 | ||
|---|---|---|---|
| 003 | OSt | ||
| 005 | 20150616104311.0 | ||
| 008 | 150616b xxu||||| |||| 00| 0 eng d | ||
| 020 | _a0330023055 | ||
| 040 | _aSEKU | ||
| 050 |
_aPR 9199.3 _b.H3 |
||
| 100 | _aHailey, Arthur | ||
| 245 |
_aAirport / _cArthur Hailey. |
||
| 260 |
_aLondon _bPan Books Ltd. _c1968. |
||
| 300 | _a477p. | ||
| 650 | _2Airports | ||
| 650 |
_2Airplanes _aCollision avoidance |
||
| 650 | _2Airports | ||
| 942 |
_2lcc _cGEN |
||
| 999 |
_c3966 _d3966 |
||